000 00742nam a2200217 a 4500
001 000024308
005 20200930022909.0
008 110126s2001 sp r 000 f spa d
020 _a8466302778
040 _aDO-SdBNP
_bspa
_cBNPHU
082 _axxx
_bxxx
100 1 _aJenkins, Elizabeth,
_d1905 - 2010
_949880
240 1 0 _aInitiation
_lEspañol.
245 1 0 _aIniciación :
_ben el corazón de los Andes /
_cElizaberth Jenkins ; traducción de Amelia Brito.
260 _aMadrid :
_bPunto de Lectura,
_c2001.
300 _a410 p. ;
_c18 cm.
504 _aIncluye referencias bibliográficas y notas al pie de las páginas.
650 4 _aNovela inglesa
_91071
650 4 _aLiteratura inglesa
_9498
700 1 _aBrito, Amelia,
_etr.
_949881
999 _c23801
_d23801